| 000 | 01099nam a2200301Ia 4500 | ||
|---|---|---|---|
| 001 | Z_459 | ||
| 003 | CHAP | ||
| 008 | 220113s1988 xx 000 0 und d | ||
| 010 | _a163436 | ||
| 040 | _cCHAP | ||
| 090 | _aTesis H 465 | ||
| 100 |
_aHernández Mata, Juan _954320 |
||
| 245 |
_aEfecto de la asignación de forraje sobre la utilización y estructura de una pradera asociada gramínea (Dactylis glomerata var. Potomac) y leguminosa (Medicago sativa var. Valenciana) / _cpor Juan Hernández Mata, J. Eleazar López Castillejos y Jorge A. Granados Macegoza |
||
| 260 |
_aChapingo, Méx. : _bEl autor, _c1988 |
||
| 300 |
_a57 h. : _bilus. |
||
| 502 | _aTesis (Ing. Agr. Esp. en Zootecnia) -- UACH. Departamento de Zootecnia | ||
| 650 |
_aAlfalfa como forraje _93899 |
||
| 650 |
_aDactylis glomerata _930865 |
||
| 650 |
_aPastos forrajeros _986094 |
||
| 650 |
_aSiembra múltiple _9137616 |
||
| 700 |
_aLópez Castillejos, J. Eleazar ; Morgado Macegoza, Jorge A _9137641 |
||
| 901 | _aTESIS H 465 | ||
| 902 | _aM | ||
| 910 | _a1988 | ||
| 942 | _c2 | ||
| 942 | _c2 | ||
| 999 |
_c163436 _d163436 |
||